| 000 | 00730nam a2200157 4500 | ||
|---|---|---|---|
| 999 |
_c16492 _d16492 |
||
| 008 | 220207b ||||| |||| 00| 0 eng d | ||
| 022 | _a0893-8989 | ||
| 082 | _aDPer 363.205 P75 Sept 2013-May 2016 v. 37 & 40, n. 9-11/1-5 | ||
| 100 |
_aStiemly, George, Jr. _943947 |
||
| 245 |
_aHow to give your child a financial head start: _byou can invest your child's money and yours in a variety of wealth-generating assets, but at least part of your strategy should involve stocks/ _cGeorge Stiemly, Jr. |
||
| 260 |
_aCalifornia: _bBobit Business Media, _c©Sept 2013-May 2016. |
||
| 300 |
_av40 n6, pages 44-49; _billustrations: _c27 cm. |
||
| 500 | _aPolice: the law enforcement. | ||
| 650 |
_aInvestments. _943834 _x |
||
| 942 |
_2ddc _cPER |
||